00281nam a22000977a 4500008004100000082001600041100001600057245005800073260004300131300000900174230703b xxu||||| |||| 00| 0 eng d a342.54bCHA cAsok Chanda aFederalism in IndiabA Study of Union-State relations aLondonbgeorge Allen & Unwin Ltdc1963 a347p